00514nam a22001931a 45000010005000000030004000050050017000090080041000260200015000670500013000821000022000952450083001172500007002002640025002073000010002325000019002426500034002617000025002956828OSt20260204212105.0060724s1979||||mx ||||||b||||||||||spa|| a9682301572 a980 S34h aStein, Stanley J. aLa herencia colonial de América Latina / Stanley J. Stein y Barbara L. Stein a11 aMéxico : Siglo XXI a204 p aIncluye indice a1.Historia - América Latina aStein, Barbara H.Ì